000 00786cab a2200241 4500
001 WB3044-34
008 090401t1994 xxu||||| |||| 00| 0 eng d
035 _a(Sirsi) u10305
041 _aeng
245 _aScottish housing transfer attacked
260 _c1994
350 _a0
490 _aFinancial Times
_v25 November 1994, 13
490 _aScotsman
_v25 November 1994, 3(2)
520 _aThe House of Commons public accounts committee have criticised Scottish Homes for failing to secure the best price for more than 1,000 properties it sold to a housing trust in the Borders region.
650 _aBEST PRICE
650 _aHOUSING TRANSFER
650 _aPUBLIC ACCOUNTS COMMITTEE
650 _aSCOTTISH HOMES
690 _aHOUSING
942 _n0
948 _c04/03/1997
999 _c6483
_d6483